000 01288nam a22003617a 4500
003 CHAP
005 20220329140414.0
008 971013c19561942 r 00010 d
010 _a51511
011 _a52483
035 _a56633
040 _cCHAP
082 _a634.956
_bT68
100 0 0 _aToumey, James William.
_9114373
245 _aSeeding and planting in the practice of forestry, a manual for the guidance of forestry stusents
250 _a3 ed.
260 _aNew York :
_bWiley,
_c1956 (c.1942)
300 _a520 p.
_b: ilus.
590 _aBATCH-UPD
_b10
_c20130110
_lUCH01
_h0717
590 _aBATCH-UPD
_b10
_c20130110
_lUCH01
_h2359
590 _aBATCH-UPD
_b10
_c20130410
_lUCH01
_h0402
590 _aBATCH-UPD
_b10
_c20130914
_lUCH01
_h0715
590 _aCONVERSION
_b10
_c20130109
_lUCH01
_h1328
650 1 4 _aBosques
_xE.U.A.
_914129
650 1 4 _aReforestación.
_995474
700 0 _aKorstian, Clarence R.
_963755
901 _aBK
942 _cLIBRO
949 _a634.956 T68
_bBC
_cLIBRO
_d-123649
_eLIBRO
_fc.2
_h23805
_i56633
_si
949 _a634.956 T68
_bBC
_cLIBRO
_d33724000267290
_eLIBRO
_fc.4
_h23807
_i56633
_si
949 _a634.956 T68
_bBC
_cLIBRO
_d33724000267308
_eLIBRO
_fc.3
_h23806
_i56633
_si
949 _a634.956 T68
_bBC
_cLIBRO
_d33724000267316
_eLIBRO
_h23804
_i56633
_si
999 _c51511
_d51511